Principles and practices of outdoor/environmental education /

Bibliographic Details
Main Author: Ford, Phyllis M.
Format: Book
Language:English
Published: New York : Wiley, [1981]
Subjects:

MARC

Tag First Indicator Second Indicator Subfields
LEADER 00000cam a2200000 a 4500
001 in00000091026
005 20151008063855.0
008 800903s1981 nyuak b 00110 engm
010 |a  80023200  
020 |a 0471047686 
035 |a (OCoLC)06735880 
035 |9 AAK3094AM 
040 |a DLC  |c DLC  |d m.c.  |d OCL  |d TXA  |d UtOrBLW 
049 |a TXAM  |c [951867] 
050 0 0 |a GV181.35  |b .F67 
082 0 |a 796.5/07  |2 19 
100 1 |a Ford, Phyllis M. 
245 1 0 |a Principles and practices of outdoor/environmental education /  |c Phyllis M. Ford. 
264 1 |a New York :  |b Wiley,  |c [1981] 
264 4 |c ©1981 
300 |a xii, 348 pages :  |b illustrations, forms ;  |c 24 cm. 
336 |a text  |b txt  |2 rdacontent 
337 |a unmediated  |b n  |2 rdamedia 
338 |a volume  |b nc  |2 rdacarrier 
504 |a Includes bibliographies and index. 
650 0 |a Outdoor recreation  |x Study and teaching. 
650 0 |a Outdoor education. 
650 0 |a Environmental education. 
999 |a MARS 
999 f f |s 07a2ca69-27ae-300d-b9e5-a81f00bbe3de  |i 60a3a2eb-b156-30d7-b188-7b371c1b5c32  |t 0 
952 f f |p normal  |a Texas A&M University  |b College Station  |c Sterling C. Evans Library  |d Evans: Library Stacks  |t 0  |e GV181.35 .F67  |h Library of Congress classification  |i unmediated -- volume  |m A14806115258 
998 f f |a GV181.35 .F67  |t 0  |l Evans: Library Stacks